000 00469nam a2200181Ia 4500
008 090123s9999 xx 000 0 und d
082 _b14056
_a891.463/कदम
100 _aकदम बाबा
245 _aभालू
250 _a1
260 _bमनोरमा प्रकाशन
300 _a210
600 _aकदम बाबा
630 _aभालू
700 _aकदम बाबा
730 _aभालू
942 _cBOOK
999 _c52118
_d52118